On the photosynthetic energy acquisition, utilization and dissipation at PS2 level in a high yielding Indian clone of Hevea brasiliensis (Record no. 52339)

MARC details
000 -LEADER
fixed length control field 00696nam a2200169Ia 4500
100 ## - MAIN ENTRY--AUTHOR NAME
Personal name Alam B.
245 #0 - TITLE STATEMENT
Title On the photosynthetic energy acquisition, utilization and dissipation at PS2 level in a high yielding Indian clone of Hevea brasiliensis
260 ## - PUBLICATION, DISTRIBUTION, ETC. (IMPRINT)
Name of publisher IRRDB Conference on NR Industry: Responding to Globalization, 7-8 September 2004, Kunming International Convention and Exhibition Centre, China
Year of publication 2004
650 ## - SUBJECT ADDED ENTRY--TOPICAL TERM
Topical Term Chlorophyll fluorescence
650 ## - SUBJECT ADDED ENTRY--TOPICAL TERM
Topical Term Photochemical quenching
650 ## - SUBJECT ADDED ENTRY--TOPICAL TERM
Topical Term Photosynthetic electron transport
650 ## - SUBJECT ADDED ENTRY--TOPICAL TERM
Topical Term Photosynthetic energy
650 ## - SUBJECT ADDED ENTRY--TOPICAL TERM
Topical Term PS2 activity
700 ## - ADDED ENTRY--PERSONAL NAME
Personal name Jacob J.[a]
942 ## - ADDED ENTRY ELEMENTS (KOHA)
Koha item type Bibliography STAF
Holdings
Withdrawn status Lost status Damaged status Not for loan Home library Current library Date acquired Koha item type
      Bibliography RRII Library RRII Library 09/04/2014 Bibliography STAF